00912cam a2200217 a 450000100100000000500170001000800410002708200150006810000360008324501770011926000520029630000400034850000330038850400320042170000460045370000430049904900090054295201130055199900170066404000130068100002573520200930024017.0760831s2001 mx ab 000 | spa d axxxbL234h1 aLamoneda Huerta, Mireya,95252810aHistoria universal :bdel hombre del renacimiento al hombre contemporáneo /cMireya Lamoneda Huerta, María Eulalia Ribó Bagaría; edición Enrique Quintanar Duarte. aMéxico, D. F. :bPearson Educación ,c2001. axi, 629 p. :bil., retrs. ;c27 cm. aIncluye índice analítico aBibliografía : p. 628-6311 aRibó Bagaría, María Eulalia,9525291 aQuintanar Duarte, Enrique,eed.920034 aBNGR 001050718MOaGRbGRcCTd2011-02-21iLF1l0oxxx L234hp25735-10r2020-06-25w2020-06-25y1ZNo se presta c25227d25227 aDO-SdBNP